| 000 | 00000nam##2200000za#4500 |
| 001 | 9.624571 |
| 003 | CaOODSP |
| 005 | 20200327180950 |
| 007 | ta |
| 008 | 150406|1997||||xxc||||| f|0| 0 fre|d |
| 020 | |a0-662-82422-9 |
| 040 | |aCaOODSP|bfre |
| 043 | |an-cn--- |
| 086 | 1 |aF21-4/97-3F |
| 110 | 1 |aCanada. |bMinistère des finances. |
| 245 | 10|aLes impôts, le coût du capital et l'investissement : |bcomparaison entre le Canada et les États-Unis / |cpar Kenneth J. McKenzie et Aileen J. Thompson. |
| 260 | |aOttawa - Ontario : |bFinances Canada |c1997. |
| 300 | |a36p. : |bgraphiques, références, tableaux ; |c28 cm. |
| 490 | 1 |aDocument de travail|v97-3 |
| 500 | |a«Cette étude expose des données historiques sur le coût du capital et les investissements au Canada et aux États-Unis. Elle présente aussi une analyse empirique de l'effet produit par les variations du coût relatif du capital sur le niveau relatif des investissements dans les deux pays.»--Résumé. |
| 520 | 3 |aCette étude expose des données historiques sur le coût du capital et les investissements au Canada et aux États-Unis. Elle présente aussi une analyse empirique de l'effet produit par les variations du coût relatif du capital sur le niveau relatif des investissements dans les deux pays.--Résumé |
| 563 | |aCouverture souple |
| 590 | |a97-44|b1997-10-31 |
| 720 | 1 |aMcKenzie, Kenneth J. |
| 720 | 1 |aThompson, Aileen J. |
| 775 | 08|tTaxes, the cost of capital, and investment : |w(CaOODSP)9.614091 |
| 776 | 0#|tLes impôts, le coût du capital et l'investissement : |w(CaOODSP)9.602728 |
| 830 | #0|aDocument de travail ;|v97-3|w(CaOODSP)9.513002 |